000 01092nam a22001937a 4500
999 _c58819
_d58819
003 Ge_BSU
005 20221005135200.0
008 221005s2006 ge ||||| |||| 00| 0 geo d
041 _ageo
080 _a069.6 ლ-85
100 _aლორდი, ბარი
_915059
245 _aსამუზეუმო საქმის მენეჯმენტი = The Manual of Museum Management /
_cბარი ლორდი და გეილ დექსთერ ლორდი ; [ინგლ. თარგმნა სალომე ცისკარიშვილმა ; პროექტის ავტ. და წიგნის რედ. ინგა ქარაია].
264 _a[თბილისი],
_c2006.
300 _a298 გვ. ;
_b20 სმ.
653 _aსამუზეუმეო საქმის მართვა.
700 _aლორდი, გეილ დექსთერ
_eავტორი
_915060
856 _ufile:///C:/Users/BSU/Downloads/Samuzeumo_Saqmis_Menejmenti.pdf
_yელ. ვერსია. pdf
942 _2udc
_cBK